Zgadnij Rapera po Jednym słowie - Statystyki

Ogólne statystyki
  • Ten quiz został rozwiązany 202 razy
    182 od ostatniego zresetowania
  • Średni wynik to 9 z 20
Statystyki odpowiedzi
Hint Odpowiedź % Poprawnych
Jeżyk Oki
95%
California White 2115
95%
Sexoholik Żabson
94%
Marmur Taco Hemingway
82%
Zosia Białas
77%
Tatuażyk Sentino
67%
Tarcho Otsochodzi
64%
Ogrody Kukon
58%
Hajs Malik Montana
40%
Brejdaki Kacperczyk
38%
Kiełbasa Diho
30%
Brokuły Mata
30%
1983 PRO8L3M
22%
Zniknięcie Kuban
17%
Ryoyu Hubert.
16%
Drip TWR
15%
Sukienka Deys
13%
Anonimowy Giibbs
9%
Hutnicza Belmondo
8%
Koń Josef Bratan
6%
Nie znaleziono quizów pasujących do podanych kryteriów
Rozkład punktacji
Procent ludzi z każdym wynikiem
Percentyl według liczby udzielonych odpowiedzi
Twoja historia wyników
Nie rozwiązałeś tego quizu od ostatniego zresetowania